[Event "GER-chT U14 Girls"]
[Site "Neumuenster"]
[Date "2017.12.29"]
[Round "6.2"]
[White "Schmitt, Xenia"]
[Black "Kirschner, Elena"]
[Result "0-1"]
[WhiteElo "1065"]
[BlackElo "1418"]
[PlyCount "114"]
[EventDate "2017.12.26"]
[EventType "team-swiss"]
[EventRounds "7"]
[EventCountry "GER"]
[SourceTitle "CBM 182 Extra"]
[Source "ChessBase"]
[SourceDate "2018.02.23"]
[SourceVersion "1"]
[SourceVersionDate "2018.02.23"]
[SourceQuality "1"]
[WhiteTeam "Vaterstetten"]
[BlackTeam "Friedrichshagen"]
[WhiteTeamCountry "GER"]
[BlackTeamCountry "GER"]

1. e4 e6 2. Nf3 d5 3. exd5 exd5 4. d4 Nc6 5. Bb5 Bd7 6. Nc3 Nge7 7. 0-0 a6 8. Bd3 Nb4 9. a3 Nxd3 10. Qxd3 Bf5 11. Qe3 Bxc2 12. Re1 h6 13. Qe5 c6 14. Re2 Bd3 15. Re3 Bh7 16. Re1 Qd7 17. Bxh6 f6 18. Qh5+ g6 19. Qh4 Qf5 20. g4 g5 21. Qh5+ Qg6 22. Qxg6+ Bxg6 23. Bxf8 Kxf8 24. Re3 Re8 25. Rae1 Nc8 26. Rxe8+ Bxe8 27. b4 Bd7 28. a4 Bxg4 29. Kg2 Bxf3+ 30. Kxf3 Rxh2 31. Kg3 Rh4 32. Rd1 Nd6 33. b5 Nf5+ 34. Kg2 Rxd4 35. Re1 axb5 36. axb5 Rc4 37. Rc1 d4 38. Ne2 Rxc1 39. Nxc1 cxb5 40. Nd3 Ke7 41. Kf3 Nd6 42. Kg4 Ke6 43. Nc5+ Kd5 44. Nb3 Kc4 45. Nd2+ Kd3 46. Nf3 b4 47. Ne1+ Ke2 48. Nc2 d3 49. Nd4+ Kxf2 50. Nf3 b3 51. Nd2 b2 52. Nb1 Ne4 53. Kf5 d2 54. Nc3 Nxc3 55. Kg6 b1Q+ 56. Kh5 Qh7+ 57. Kg4 d1Q# 0-1

[Event "GER-chT U14 Girls"]
[Site "Neumuenster"]
[Date "2017.12.28"]
[Round "3.2"]
[White "Kirschner, Elena"]
[Black "Wastian, Mareike"]
[Result "0-1"]
[WhiteElo "1418"]
[BlackElo "1602"]
[PlyCount "70"]
[EventDate "2017.12.26"]
[EventType "team-swiss"]
[EventRounds "7"]
[EventCountry "GER"]
[SourceTitle "CBM 182 Extra"]
[Source "ChessBase"]
[SourceDate "2018.02.23"]
[SourceVersion "1"]
[SourceVersionDate "2018.02.23"]
[SourceQuality "1"]
[WhiteTeam "Friedrichshagen"]
[BlackTeam "Brackel"]
[WhiteTeamCountry "GER"]
[BlackTeamCountry "GER"]

1. e4 d5 2. exd5 Nf6 3. d4 Bg4 4. Nf3 Qxd5 5. Be2 Nc6 6. c4 Qf5 7. h3 Bxf3 8. Bxf3 e6 9. 0-0 Be7 10. Qa4 0-0 11. Bxc6 bxc6 12. Qxc6 Bd6 13. Qa4 c5 14. Be3 cxd4 15. Bxd4 Qf4 16. Rd1 Qh2+ 17. Kf1 Qh1+ 18. Ke2 Qxg2 19. Nc3 Ne4 20. Qc2 Ng3+ 21. Ke3 Nf5+ 22. Ke2 Bf4 23. Ne4 Rfd8 24. Bc5 Nh4 25. Rg1 Qf3+ 26. Ke1 Ng2+ 27. Kf1 Ne3+ 28. Bxe3 Bxe3 29. Rg3 Qh1+ 30. Rg1 Qxh3+ 31. Ke2 Bh6 32. Nf6+ Kf8 33. Nxh7+ Ke7 34. Ng5 Qh5+ 35. Kf1 Bxg5 0-1

[Event "GER-chT U14 Girls"]
[Site "Duesseldorf"]
[Date "2016.12.30"]
[Round "7.1"]
[White "Kalina, Lena"]
[Black "Kirschner, Elena"]
[Result "1-0"]
[WhiteElo "1473"]
[BlackElo "1260"]
[PlyCount "91"]
[EventDate "2016.12.27"]
[EventType "team-swiss"]
[EventRounds "7"]
[EventCountry "GER"]
[SourceTitle "EXT 2018"]
[Source "ChessBase"]
[SourceDate "2017.10.13"]
[SourceVersion "1"]
[SourceVersionDate "2017.10.13"]
[SourceQuality "1"]
[WhiteTeam "Landskrone"]
[BlackTeam "Friedrichshagen"]
[WhiteTeamCountry "GER"]
[BlackTeamCountry "GER"]

1. d4 d5 2. Nf3 Nf6 3. c4 c5 4. dxc5 e6 5. Nc3 Bxc5 6. e3 0-0 7. cxd5 exd5 8. Be2 a6 9. 0-0 Nc6 10. Qc2 Bd6 11. a3 Re8 12. Rd1 Ne7 13. b4 h6 14. Bb2 Bf5 15. Qb3 Rc8 16. h3 Be6 17. Nd4 Bc7 18. Qc2 Qd6 19. Nf3 Qc6 20. Rac1 Red8 21. Qb1 Qe8 22. Rd2 Ng6 23. Rcd1 Qe7 24. Bd3 Ne5 25. Nxe5 Bxe5 26. Ne2 Bb8 27. Nf4 g5 28. Nxe6 fxe6 29. Ba1 Rd7 30. Qb2 Rf8 31. Bc2 Kg7 32. e4 Kf7 33. exd5 exd5 34. Qd4 Qd6 35. g3 Re8 36. Qd3 Ne4 37. Qf3+ Nf6 38. Rxd5 Qxd5 39. Rxd5 Re1+ 40. Kg2 Rxd5 41. Qxf6+ Ke8 42. Qh8+ Kd7 43. Qxh6 Kc7 44. Qf6 Re2 45. Qf7+ Rd7 46. Qc4+ 1-0

[Event "GER-chT U14 Girls"]
[Site "Duesseldorf"]
[Date "2016.12.27"]
[Round "1.1"]
[White "Kirschner, Elena"]
[Black "Geletzke, Hannah"]
[Result "1/2-1/2"]
[WhiteElo "1260"]
[BlackElo "1561"]
[PlyCount "83"]
[EventDate "2016.12.27"]
[EventType "team-swiss"]
[EventRounds "7"]
[EventCountry "GER"]
[SourceTitle "EXT 2018"]
[Source "ChessBase"]
[SourceDate "2017.10.13"]
[SourceVersion "1"]
[SourceVersionDate "2017.10.13"]
[SourceQuality "1"]
[WhiteTeam "Friedrichshagen"]
[BlackTeam "Erfurt Empor"]
[WhiteTeamCountry "GER"]
[BlackTeamCountry "GER"]

1. e4 c5 2. Nc3 Nc6 3. g3 g6 4. Bg2 Bg7 5. Nge2 e6 6. d3 Nge7 7. 0-0 0-0 8. Rb1 d5 9. a3 Re8 10. f4 Rb8 11. Qe1 b6 12. b3 Bb7 13. Bb2 Ba6 14. Rf2 Nd4 15. Qd2 Qd7 16. h3 Rec8 17. Kh2 dxe4 18. Nxe4 Bb7 19. Nxd4 Bxd4 20. Re2 Nf5 21. Bxd4 Qxd4 22. c3 Qd8 23. Rd1 Nd6 24. Rde1 Rc7 25. Re3 Rd7 26. Rd1 Nxe4 27. Bxe4 Bxe4 28. Rxe4 Rc8 29. Re3 Rc6 30. Qe2 Rcd6 31. Qc2 Qc8 32. a4 Qc7 33. Qg2 Qd8 34. Qc2 Qc7 35. Qg2 Rd5 36. Qf3 Qd8 37. g4 Qf6 38. Rc1 Qd8 39. Rd1 Qf6 40. Rc1 Qd8 41. Qg3 Qc7 42. Qf3 1/2-1/2